New century world atlas /

Bibliographic Details
Corporate Author: Rand McNally and Company
Format: Book
Language:English
Published: Chicago : Rand McNally & Company, 1986.
Subjects:

MARC

Tag First Indicator Second Indicator Subfields
LEADER 00000cam a2200000 a 4500
001 in00000396821
005 20151012052048.0
008 860519s1986 iluab 00110 eng d
010 |a  85063149  
020 |a 0528832131 
035 |a (OCoLC)13587489 
035 |9 ABT8816AM 
040 |a IAI  |c IAI  |d TXA  |d UtOrBLW 
049 |a TXAC  |c [A09353952] 
090 |a G1021  |b .R32 1986 
110 2 |a Rand McNally and Company. 
245 1 0 |a New century world atlas /  |c Rand McNally. 
255 |a Scales vary. 
264 1 |a Chicago :  |b Rand McNally & Company,  |c 1986. 
300 |a 1 atlas (496 pages) :  |b color illustrations, maps (some color) ;  |c 29 cm. 
336 |a text  |b txt  |2 rdacontent 
337 |a unmediated  |b n  |2 rdamedia 
338 |a volume  |b nc  |2 rdacarrier 
500 |a Includes index. 
650 0 |a Atlases. 
999 |a MARS 
999 f f |s 0f53223c-e45c-3f6c-9948-ce936d6efe18  |i 37a3c167-7ed8-350d-ba67-472a4d0aa6e4  |t 0 
952 f f |p noncirc  |a Texas A&M University  |b Galveston Campus  |c Jack K. Williams Library  |d Galveston Reference  |t 0  |e G1201 .R226 1986  |h Library of Congress classification  |i unmediated -- volume  |m 33620000691846 
952 f f |p noncirc  |a Texas A&M University  |b College Station  |c Sterling C. Evans Library  |d Evans: Maps (2nd floor)  |t 0  |e G1021 .R32 1986  |h Library of Congress classification  |i unmediated -- volume  |m A14809353952 
998 f f |a G1021 .R32 1986  |t 0  |l Evans: Maps (2nd floor) 
998 f f |a G1201 .R226 1986  |t 0  |l Galveston Reference